000 00903nam a2200229 a 4500
001 36777
003 BD-RjUL
005 20211209052535.0
008 160323s1974 ii ||||e |||| 00| 0 ben d
020 _cTk.16.00
035 _a(BD-RjUL)36879
040 _aBD-RjUL
_bben
_cBD-RjUL
041 _aben
082 _a891.4409
_bBIM 1974
_223
100 _aবিশী, প্রমথনাথ
_9112189
245 1 0 _aমধুসূদন থেকে ররীন্দ্রনাথ /
_cপ্রমথনাথ বিশী
260 _aকলিকাতা :
_bরামচরন মুখোপাধ্যায়,
_c১৯৭৪ [১৩৮১]
300 _a২৩৯ পৃ.,
_c২২ সেমি.
650 _aবাংলা সাহিত্য
_vইতিহাস ও সমালোচনা
_978921
650 _aBengali Literature
_vHisotory and Criticism
_9112191
942 _2ddc
_cBK
999 _c36777
_d36777